| 000 | 02582nam0a2200385 4500 | ||
|---|---|---|---|
| 001 | RU\NLR\bibl\739861 | ||
| 005 | 20260407042720.0 | ||
| 010 |
_a5-902064-10-4 _bв обл. _9250 |
||
| 021 |
_aRU _b2004-45332 _92250 |
||
| 035 | _aRSL-KNO-002456342 | ||
| 035 | _a(NLR Aleph) 000729754 | ||
| 090 |
_a755112 _c755112 |
||
| 100 | _a20040729d2004 |||y0rusy50 ca | ||
| 101 | 0 | _arus | |
| 102 | _aRU | ||
| 105 | _aa ||||||||| | ||
| 106 | _ar | ||
| 200 | 1 |
_aПрофессиональные педагогические теории и проблемы их реализации в условиях модернизации профессионального образования _eматериалы науч.-практ. конф. (Санкт-Петербург, 16-18 июня 2004 г.) _f[науч. ред. А. П. Беляева, Н. М. Александрова] |
|
| 210 |
_aСПб. _cИн-т профтехобразования РАО _d2004 |
||
| 215 |
_a223 с. _cил., табл. _d25 |
||
| 300 | _aВ надзаг.: Рос. акад. образования, Гос. науч. учреждение "Ин-т проф.-техн. образования" | ||
| 320 | _aБиблиогр. в конце ст. | ||
| 606 | 0 |
_aНизшее профессиональное образование _jСборники _yРоссийская Федерация _92080886 _3RU\NLR\auth\661256838 |
|
| 606 | 0 |
_aНачальное профессиональное образование _jСъезды, совещания и т.п. _yРоссийская Федерация _92183504 _3RU\NLR\auth\661312903 |
|
| 610 | 0 | _aКультура. Наука. Просвещение -- Народное образование. Педагогические науки -- Профессиональное и специальное образование -- Педагогика профессионального и специального образования -- Российская Федерация -- Материалы конференции | |
| 686 |
_aЧ454(2)я431(2) _2rubbk |
||
| 686 | _aЧ461.2я431 | ||
| 702 | 1 |
_4340 _8rus _7ca _aБеляева _bА. П. _cд-р пед. наук _gАнтонина Павловна _3RU\NLR\auth\7713636 _9123320 |
|
| 712 | 0 | 2 |
_4570 _aНИИ профессионально-технического образования _cСанкт-Петербург _3RU\NLR\AUTH\8810015009 _9527888 |
| 801 | 0 |
_aRU _bRuMoRKP _c20040729 _grcr |
|
| 801 | 1 |
_aRU _bRuMoRGB _c20040729 |
|
| 801 | 2 |
_aRU _bNLR _c20050325 _gPSBO |
|
| 942 | _cBOOK | ||
| 980 | _aNB | ||